[Event "Wch U20"]
[Site "Medellin"]
[Date "1996.??.??"]
[Round "7"]
[White "Escobar Forero, Alder"]
[Black "Savic, Miodrag R"]
[Result "1/2-1/2"]
[WhiteElo "2335"]
[BlackElo "2345"]

1.e4 c5 2.Nf3 Nc6 3.Nc3 e6 4.d4 cxd4 5.Nxd4 a6 6.g3 Bb4 7.Ne2 Nf6 8.Bg2 O-O
9.O-O h6 10.h3 d5 11.exd5 exd5 12.Be3 Be6 13.Na4 Qe7 14.a3 Bd6 15.Nd4 Rad8
16.Re1 Nxd4 17.Bxd4 Ne4 18.c4 f5 19.cxd5 Bxd5 20.f3 Qf7 21.fxe4 Bb3 22.Qf3 Bxa4
23.e5 Bc6 24.Qf2 Bxg2 25.Kxg2 Qd5+ 26.Kh2 Bxa3 27.Bb6 Bb4 28.Red1 Qd2 29.Rxd2 Rxd2
30.Qxd2 Bxd2 31.Rd1 Bb4 32.Rd7 Re8 33.Rxb7 Rxe5 34.Bd4 Re2+ 35.Kg1 Be7 36.Kf1 Re4
37.Bc3 Re6 38.Kf2 g5 39.Kf3 Kf7 40.Bb4 Kf6 41.Bd2 Kg6 42.g4 h5 43.b4 fxg4+
44.hxg4 h4 45.b5 h3 46.bxa6 Rf6+ 47.Ke2 h2 48.Rb1 Rxa6 49.Be3 Rf6 50.Rd1 Bd6
51.Rh1 Rf7 52.Rd1 Bg3 53.Rb1 Rh7 54.Rh1 Rh3 55.Bf2 Bf4 56.Kf1 Rb3 57.Kg2 Rb2
58.Kf3 Kf7 59.Ra1 Ke6 60.Rd1 Rd2 61.Ra1 Kd5 62.Rb1 Be5 63.Rb5+ Kc4 64.Rb1 Bf4
65.Rh1 Rd3+ 66.Kg2 Kc3 67.Ra1 Rd2 68.Kf3 Ra2 69.Rh1 Kd2 70.Be3+ Kd3 71.Bxf4 gxf4
72.Kxf4 Kd4 73.Rd1+ Kc5 74.Kg3 Rd2 75.Rf1 Kd5 76.Rh1 Ke5 77.Rxh2  1/2-1/2

[Event "Wch U20"]
[Site "Medellin"]
[Date "1996.??.??"]
[Round "11"]
[White "Zhang Zhong"]
[Black "Tirard, Hugo"]
[Result "1-0"]
[WhiteElo "2425"]
[BlackElo "2395"]

1.e4 c5 2.Nf3 e6 3.Nc3 Nc6 4.d4 cxd4 5.Nxd4 Nf6 6.g3 Bb4 7.Bg2 d5 8.exd5 Nxd5
9.O-O Bxc3 10.Nxc6 bxc6 11.bxc3 Ba6 12.Re1 Qf6 13.Ba3 O-O-O 14.Qg4 Qxc3 15.Qa4 Kb7
16.Bb2 Qc5 17.Bxg7 Rhg8 18.Bd4 Bb5 19.Rab1 Nb6 20.Qxa7+  1-0

[Event "Wch U20 Girls"]
[Site "Medellin"]
[Date "1996.??.??"]
[Round "12"]
[White "Ghate, Swati"]
[Black "Velcheva, Maria"]
[Result "0-1"]
[WhiteElo "2160"]
[BlackElo "2260"]

1.e4 c5 2.Nf3 e6 3.d4 cxd4 4.Nxd4 Nc6 5.Nc3 Qc7 6.Be3 a6 7.Be2 Nf6 8.O-O Be7
9.f4 d6 10.a4 O-O 11.Bf3 Rd8 12.Qe2 Nxd4 13.Bxd4 e5 14.Be3 exf4 15.Bxf4 Be6
16.Rfe1 Nd7 17.Rad1 Qb6+ 18.Qe3 Qxb2 19.Bxd6 Bxd6 20.Rxd6 Ne5 21.Rxd8+ Rxd8
22.Nd5 Qxc2 23.Qg5 Nxf3+ 24.gxf3 Qc5+ 25.Kh1 Qf8 26.Nf6+ Kh8 27.Nh5 f6 28.Qe3 Qe8
29.Nf4 Bf7 30.Qb6 Qd7 31.Rg1 Rc8 32.Qb2 Qc7 33.Nd3 Bc4 34.Nb4 Qf4 35.Qc3 Be6
36.Qd3 Bc4 37.Qc3 Be6 38.Qd3 g6 39.a5 Bc4 40.Qc3 Be6 41.Qd3 Qe5 42.Nd5 Rd8
43.Rd1 f5 44.Qd4 Qxd4 45.Rxd4 fxe4 46.fxe4 Bxd5 47.exd5 Kg7 48.Kg2 Kf6 49.Rb4 Rd7
50.Rb6+ Ke5 51.d6 g5 52.Kg3 h5 53.Kf3 Rxd6 54.Rxb7 Rd3+ 55.Kg2 Rd5 56.Rh7 h4
57.Kf3 Kf5 58.Rf7+ Kg6  0-1

[Event "Meisdorf op"]
[Site "Meisdorf"]
[Date "1996.??.??"]
[Round "?"]
[White "Tischbierek, Raj"]
[Black "Lazarev, Vladimir"]
[Result "1/2-1/2"]
[WhiteElo "2490"]
[BlackElo "2445"]

1.e4 c5 2.Nc3 Nc6 3.Nge2 e6 4.d4 cxd4 5.Nxd4 Qc7 6.Be3 a6 7.Bd3 Nf6 8.O-O Ne5
9.h3 Bc5 10.Kh1 d6 11.f4 Ng6 12.Qe1 O-O 13.f5 Ne5 14.g4 d5 15.exd5 b5 16.fxe6 Nxd3
17.cxd3 Nxd5 18.Nxd5 Bb7 19.Rc1 Bxd5+ 20.Kg1 fxe6 21.Rxf8+ Rxf8 22.Nf5 Bxe3+
23.Qxe3 Qb7 24.Nd4 Bxa2 25.b3 Qd5 26.Qxe6+ Qxe6 27.Nxe6 Re8 28.Nc5 Re2 29.Nxa6  1/2-1/2

[Event "Meisdorf op"]
[Site "Meisdorf"]
[Date "1996.??.??"]
[Round "?"]
[White "Kovalev, Andrei"]
[Black "Teske, Henrik"]
[Result "1/2-1/2"]
[WhiteElo "2495"]
[BlackElo "2515"]

1.e4 c5 2.Nf3 e6 3.d4 cxd4 4.Nxd4 Nc6 5.Nc3 Qc7 6.Be2 a6 7.O-O Nf6 8.Be3 Bb4
9.Na4 Rb8 10.c4 Nxe4 11.c5 d6 12.Bf3 Nxc5 13.a3 Nxa4 14.axb4 Nb6 15.Rc1 Nd5
16.b5 axb5 17.Nxb5 Qd8 18.Bxd5 exd5 19.Bf4 O-O 20.Bxd6 Be6 21.Bxb8 Qxb8 22.Qd2 Rd8
23.Nd4 Qd6 24.Rfe1 h6 25.Rc3 Rc8 26.Rg3 Kh8 27.h3 Qd7 28.Qf4 Ra8 29.b4 Qe7
30.b5 Nxd4 31.Qxd4 Qf6 32.Qxf6 gxf6 33.Ree3 Ra1+ 34.Kh2 d4 35.Rd3 Rb1 36.Rxd4 Rxb5
37.Rd8+ Kh7 38.Rgg8 Rb2 39.g4 f5 40.Kg3 Rb3+ 41.Kf4 Rb4+ 42.Kg3 fxg4 43.Rh8+ Kg6
44.Rhg8+ Kh7 45.hxg4 Rb3+ 46.Kh4 Rf3 47.Rh8+ Kg7 48.Rdg8+ Kf6 49.Rxh6+ Ke5
50.Rg5+ Kd4 51.Rb5 Rxf2 52.Rb4+ Ke3 53.Rxe6+ fxe6 54.g5 e5 55.g6 e4 56.Rxb7 Rg2  1/2-1/2

[Event "Meisdorf op"]
[Site "Meisdorf"]
[Date "1996.??.??"]
[Round "?"]
[White "Lutz, Christopher"]
[Black "Lau, Ralf"]
[Result "1/2-1/2"]
[WhiteElo "2555"]
[BlackElo "2495"]

1.e4 c5 2.Nf3 e6 3.d4 cxd4 4.Nxd4 Nc6 5.Nc3 Qc7 6.Be3 a6 7.Bd3 b5 8.Nxc6 Qxc6
9.O-O Bb7 10.Kh1 Nf6 11.f3 Qc7 12.Qe1 Be7 13.a4 b4 14.Na2 a5 15.c3 bxc3 16.Nxc3 O-O
17.Nb5 Qd8 18.Qg3 Bc6 19.Nd4 Bb7 20.Bb5 Kh8 21.Rfd1 Qb8 22.Bf4 Qa7 23.Bd6 Bxd6
24.Qxd6 Qb8 25.Ne2 Bc6 26.Nc3 Rc8 27.Qxb8  1/2-1/2

[Event "Wch U18"]
[Site "Menorca"]
[Date "1996.??.??"]
[Round "1"]
[White "Tan Wei Sin"]
[Black "Mirzoev, Azer"]
[Result "0-1"]
[WhiteElo "2025"]
[BlackElo "2375"]

1.e4 c5 2.Nf3 e6 3.d4 cxd4 4.Nxd4 Nc6 5.Nc3 Qc7 6.g3 a6 7.Bg2 Nf6 8.O-O d6
9.Nxc6 bxc6 10.a4 Be7 11.a5 Rb8 12.Re1 O-O 13.Qe2 Nd7 14.b3 c5 15.Nd1 Ne5
16.Ne3 Bf6 17.Ra3 Nc6 18.Bd2 Nd4 19.Qd3 Bb7 20.f4 Rfd8 21.Ra2 g6 22.Bc3 Bg7
23.Nf1 d5 24.e5 Nb5 25.Ba1 c4 26.Qe2 Bf8 27.bxc4 Qxc4 28.Qxc4 dxc4 29.Bxb7 Rxb7
30.Ra4 Rc7 31.Bb2 c3 32.Bc1 Nd4 33.Kg2 Nxc2 34.Re2 Nd4 35.Re1 Nb3 36.Ne3 h5
37.Nc4 Rd4  0-1

[Event "Wch U18 Girls"]
[Site "Menorca"]
[Date "1996.??.??"]
[Round "3"]
[White "Shah, Pallavi G"]
[Black "Blimke, Dalia"]
[Result "1-0"]
[WhiteElo "2110"]
[BlackElo "2145"]

1.e4 c5 2.Nf3 Nc6 3.d4 cxd4 4.Nxd4 e6 5.Nc3 Qc7 6.Be3 a6 7.Bd3 Nf6 8.O-O Nxd4
9.Bxd4 Bc5 10.Bxc5 Qxc5 11.Qe2 d6 12.a4 O-O 13.Kh1 e5 14.f4 exf4 15.Rxf4 Qh5
16.Nd5 Qxe2 17.Nxf6+ gxf6 18.Bxe2 Kg7 19.Raf1 Bd7 20.b3 Rae8 21.Bd3 Bc6 22.Rg4+ Kh8
23.Rxf6 d5 24.exd5 Re1+ 25.Rf1 Rxf1+ 26.Bxf1 Bxd5 27.Kg1 Re8 28.Bd3 h6 29.Kf2 Re7
30.Rd4 Be6 31.Re4 Rd7 32.Ke3 Kg7 33.Rb4 Rc7 34.Be4 Bc8 35.Kd4 f5 36.Bd3 Be6
37.Ke5 Re7 38.Bxf5 Bxb3+ 39.Kd6 Rf7 40.cxb3 Rxf5 41.Rxb7+ Kg6 42.g4 Rf4 43.h3 Kg5
44.Kc5 Rf3 45.b4 Rxh3 46.Rg7+ Kf4 47.Kb6 Rb3 48.Ka5 Rb1 49.Rg6  1-0

[Event "Wch U14"]
[Site "Menorca"]
[Date "1996.??.??"]
[Round "4"]
[White "Ganguly, Surya Shekhar"]
[Black "Mastrovasilis, Dimitrios"]
[Result "1-0"]
[WhiteElo "2265"]
[BlackElo "2110"]

1.e4 c5 2.Nf3 e6 3.d4 cxd4 4.Nxd4 Nc6 5.Nc3 Qc7 6.Be2 a6 7.O-O Nf6 8.Kh1 Nxd4
9.Qxd4 Bc5 10.Qd3 b5 11.f4 d6 12.Bf3 Nd7 13.e5 d5 14.Ne2 b4 15.c4 bxc3 16.Qxc3 Qb8
17.Nd4 O-O 18.Be3 a5 19.Rfc1 Qb6 20.Bg1 Ba6 21.Nxe6 fxe6 22.Bxc5 Nxc5 23.Qxc5 Qxc5
24.Rxc5 Rxf4 25.Rxa5 Bb7 26.Rxa8+ Bxa8 27.b3 Bb7 28.Rc1 Ba6 29.Rc6 Bd3 30.Rxe6 Be4
31.Rd6 Bxf3 32.gxf3 Rxf3 33.Rxd5 Rf2 34.a4 Rb2 35.Rb5 Kf7 36.a5 Ke6 37.b4 Ra2
38.h4 g6 39.Rc5 Ra4 40.Rb5 Ra2 41.Kg1 h6 42.Rb6+ Kxe5 43.Rxg6 Ra4 44.Rb6 Kf4
45.a6 Kf3 46.b5 Kg3 47.Rg6+ Kf3 48.Rxh6  1-0

[Event "Wch U16 Girls"]
[Site "Menorca"]
[Date "1996.??.??"]
[Round "4"]
[White "Kalinina, Vladislava"]
[Black "Sheldon, Ruth"]
[Result "0-1"]
[WhiteElo "2125"]
[BlackElo "2230"]

1.e4 c5 2.Nf3 e6 3.d4 cxd4 4.Nxd4 Nc6 5.Nc3 Qc7 6.Be2 a6 7.O-O Nf6 8.Be3 Bb4
9.f3 d5 10.exd5 Nxd5 11.Nxd5 exd5 12.Nxc6 bxc6 13.Qd4 Qe7 14.Kh1 O-O 15.Bd3 Bd6
16.Rae1 Be6 17.Bf4 Rab8 18.Be5 Bxe5 19.Qxe5 Rfe8 20.f4 Qb4 21.c3 Qb6 22.f5 f6
23.Qf4 Bf7 24.g4 c5 25.g5 d4 26.c4 fxg5 27.Qxg5 Qc6+ 28.Kg1 h6 29.Qd2 Qf6
30.b3 Rb7 31.Rxe8+ Bxe8 32.Be4 Re7 33.Bd5+ Bf7 34.Bxf7+ Kxf7  0-1

[Event "Wch U18 Girls"]
[Site "Menorca"]
[Date "1996.??.??"]
[Round "5"]
[White "Ciuksyte, Zivile"]
[Black "Blimke, Dalia"]
[Result "0-1"]
[WhiteElo "2075"]
[BlackElo "2145"]

1.e4 c5 2.Nf3 e6 3.Nc3 Nc6 4.d4 cxd4 5.Nxd4 Qc7 6.Be2 a6 7.O-O Nf6 8.Be3 Bb4
9.Nxc6 bxc6 10.Na4 O-O 11.c4 Be7 12.Bd3 d6 13.f4 c5 14.Qc2 Ng4 15.Bc1 Bb7
16.Qe2 Nf6 17.Rf3 d5 18.cxd5 exd5 19.e5 Ne4 20.Rh3 g6 21.Nc3 f5 22.exf6 Bxf6
23.Bxe4 dxe4 24.Nxe4 Bd4+ 25.Nf2 Rae8 26.Qc4+ Qf7 27.Qxf7+ Rxf7 28.Kf1 Rfe7
29.Nd3 Bc6 30.a4 Re2 31.Rg3 Rc2 32.f5 c4 33.fxg6 cxd3 34.gxh7+ Kh8 35.Bh6 Rf2+
36.Kg1 Rf6+ 37.Kh1 Rxh6  0-1

[Event "Wch U16"]
[Site "Menorca"]
[Date "1996.??.??"]
[Round "5"]
[White "De Vreugt, Dennis"]
[Black "Satyapragyan, S."]
[Result "1-0"]
[WhiteElo "2265"]
[BlackElo "2205"]

1.e4 c5 2.Nf3 Nc6 3.d4 cxd4 4.Nxd4 e6 5.Nc3 Qc7 6.Be3 a6 7.Nxc6 Qxc6 8.Qd4 b5
9.O-O-O b4 10.Nd5 exd5 11.exd5 Qf6 12.Qe4+ Qe7 13.Qf3 Bb7 14.Bc4 d6 15.Rhe1 Qd7
16.Bd4+ Ne7 17.Bb6 f5 18.g4 g6 19.Qf4 Bg7 20.Re6 O-O 21.Rxd6 Qc8 22.Bb3 Qb8
23.Qxb4 a5 24.Bxa5 Rxa5 25.Rd7 Qe5 26.c3 Ra6 27.Rxe7  1-0

[Event "Wch U16 Girls"]
[Site "Menorca"]
[Date "1996.??.??"]
[Round "5"]
[White "Zarkovic, Danijela"]
[Black "Sheldon, Ruth"]
[Result "1-0"]
[WhiteElo "2120"]
[BlackElo "2230"]

1.e4 c5 2.Nf3 e6 3.d4 cxd4 4.Nxd4 Nc6 5.Nc3 Qc7 6.Be2 a6 7.O-O Nf6 8.Kh1 Nxd4
9.Qxd4 Bc5 10.Qd3 b5 11.f4 Bb7 12.e5 Nd5 13.Nxd5 Bxd5 14.Qg3 g6 15.Bd2 Qb7
16.b4 Be7 17.a4 O-O 18.Bf3 Rac8 19.c3 f6 20.axb5 axb5 21.Bxd5 Qxd5 22.Qe3 Rc4
23.exf6 Bxf6 24.h3 Rfc8 25.Ra3 Re4 26.Qf3 Qc4 27.Re1 Rxe1+ 28.Bxe1 d5 29.Bd2 Bg7
30.Ra6 e5 31.f5 gxf5 32.Qxf5 d4 33.cxd4 exd4 34.Ra7 Rc7 35.Ra8+  1-0

[Event "Wch U18"]
[Site "Menorca"]
[Date "1996.??.??"]
[Round "8"]
[White "Kobalija, Mihail"]
[Black "Leitao, Rafael"]
[Result "1/2-1/2"]
[WhiteElo "2495"]
[BlackElo "2475"]

1.e4 c5 2.Nc3 Nc6 3.Nge2 e6 4.d4 cxd4 5.Nxd4 Qc7 6.Be2 a6 7.O-O Nf6 8.Be3 Bb4
9.Na4 Be7 10.c4 Nxe4 11.c5 O-O 12.Bf3 Ng5 13.Be2 Ne4 14.Rc1 Rd8 15.Bf3 Ng5
16.Be2 Ne4 17.g3 Nf6 18.Bf3 g6 19.Nb6 Rb8 20.Qa4 e5 21.Nb3 d5 22.cxd6 Rxd6
23.Na5 Bd7 24.Nxd7 Rxd7 25.Bxc6 bxc6 26.Bc5  1/2-1/2

[Event "Wch U16 Girls"]
[Site "Menorca"]
[Date "1996.??.??"]
[Round "11"]
[White "Krivec, Jana"]
[Black "Sheldon, Ruth"]
[Result "0-1"]
[WhiteElo "2045"]
[BlackElo "2230"]

1.e4 c5 2.Nf3 e6 3.d4 cxd4 4.Nxd4 Nc6 5.Nc3 Qc7 6.g3 a6 7.Bg2 Nf6 8.O-O d6
9.Re1 Rb8 10.Nxc6 bxc6 11.e5 dxe5 12.Rxe5 Bd6 13.Re1 O-O 14.Na4 c5 15.c4 Bb7
16.Bxb7 Rxb7 17.Qe2 Nd7 18.b3 Ne5 19.Bb2 Nc6 20.Qg4 f5 21.Qh5 e5 22.Nc3 e4
23.Nd5 Qd8 24.f3 g6 25.Qh6 Be5 26.Bxe5 Nxe5 27.fxe4 Nf3+ 28.Kg2 Nxe1+ 29.Rxe1 fxe4
30.Rxe4 Qd6 31.Qe3 Rbf7 32.Nf4 Qc6 33.Kg1 g5 34.Nd3 Rf1+ 35.Kg2 h6 36.Ne5 Qf6
37.Ng4 Qc6 38.Kh3 R1f3 39.Re6 Rxe3 40.Rxc6 Re2 41.Rxa6 Kg7 42.Rxh6 Rxa2 43.Rh5 Kg6
44.Rh6+ Kf5 45.Rb6  0-1

[Event "Metz op"]
[Site "Metz"]
[Date "1996.??.??"]
[Round "?"]
[White "Johannes, H."]
[Black "Mauvary, Etienne"]
[Result "0-1"]
[WhiteElo "1780"]
[BlackElo "2225"]

1.e4 c5 2.Nc3 e6 3.Nf3 Nc6 4.d4 cxd4 5.Nxd4 a6 6.a3 Qc7 7.Nxc6 bxc6 8.Bd3 d5
9.Qf3 Nf6 10.Bg5 Be7 11.O-O h6 12.Bd2 O-O 13.Rfe1 d4 14.Ne2 e5 15.c3 c5 16.cxd4 cxd4
17.Rec1 Qb6 18.b4 Bg4 19.Qg3 Bxe2 20.Bxe2 Nxe4 21.Qd3 Nxd2 22.Qxd2 Bg5  0-1

[Event "Minsk op"]
[Site "Minsk"]
[Date "1996.??.??"]
[Round "2"]
[White "Voitsekhovsky, Stanislav"]
[Black "Novgorodskij, Vladimir"]
[Result "1-0"]
[WhiteElo "2485"]
[BlackElo "2325"]

1.e4 c5 2.Nf3 e6 3.Nc3 Nc6 4.d4 cxd4 5.Nxd4 Qc7 6.g3 a6 7.Bg2 b5 8.O-O Bb7
9.Re1 d6 10.a4 b4 11.Nd5 Qa5 12.Nxc6 Bxc6 13.Bd2 Bxd5 14.exd5 e5 15.Re4 Nf6
16.Rxb4 Qc7 17.a5 Be7 18.Rb6 O-O 19.Rc6 Qb7 20.b4 e4 21.c4 Rac8 22.Qa4 Ng4
23.Bxe4 f5 24.Bg2 Qa7 25.Rf1 Bf6 26.Rxc8 Rxc8 27.Qc2 g6 28.h3 Ne5 29.c5 dxc5
30.Be3 Be7 31.bxc5 Bxc5 32.Rc1 Nd7 33.d6  1-0

[Event "BLR-ch Minsk"]
[Site "Minsk"]
[Date "1996.??.??"]
[Round "2"]
[White "Kovalev, Andrei"]
[Black "Smirnov, Valerij"]
[Result "1/2-1/2"]
[WhiteElo "2495"]
[BlackElo "2395"]

1.e4 c5 2.Nf3 e6 3.d4 cxd4 4.Nxd4 Nc6 5.Nc3 Qc7 6.Be2 a6 7.O-O Nf6 8.Be3 d6
9.f4 Be7 10.Kh1 O-O 11.a4 Bd7 12.Qe1 Nxd4 13.Bxd4 Bc6 14.Qg3 g6 15.e5 Ne4
16.Nxe4 Bxe4 17.exd6 Bxd6 18.Qg5 f6 19.Bxf6 Qxc2 20.Bf3 Bxf3 21.Rxf3 Rac8
22.Bc3 Rc4 23.Qh6 Rf7 24.Re1 Rcxf4 25.Rxf4 Bxf4 26.Qh4 Qf5 27.Qd8+ Rf8 28.Qd7 Be5
29.Qd1 Bxc3 30.bxc3 Qc5 31.Rxe6 Qxc3 32.Re4 Qc6 33.Qb3+ Rf7 34.Re1 Kg7 35.a5 Qf6
36.h3 Qd4 37.Rd1 Qe5 38.Qb4 h5 39.Rb1 g5 40.Re1 Qf5 41.Qd4+ Qf6 42.Qc5  1/2-1/2

[Event "Minsk op"]
[Site "Minsk"]
[Date "1996.??.??"]
[Round "4"]
[White "Timoshenko, Georgy"]
[Black "Smirnov, Valerij"]
[Result "0-1"]
[WhiteElo "2500"]
[BlackElo "2395"]

1.e4 c5 2.Nf3 e6 3.d4 cxd4 4.Nxd4 Nc6 5.Nc3 Qc7 6.g3 a6 7.Bg2 Nf6 8.O-O Bc5
9.Nxc6 dxc6 10.Na4 Ba7 11.c4 b5 12.e5 Nd7 13.Nc3 b4 14.Ne4 Nxe5 15.Nd6+ Ke7
16.Ne4 Bb7 17.Qd2 Rhd8 18.Qg5+ Kf8 19.Bf4 Bd4 20.Rad1 h6 21.Qh5 f5 22.Rd2 c5
23.Nxc5 Bxc5 24.Rxd8+ Rxd8 25.Bxb7 Qxb7 26.Bxe5 Qe4 27.Bf4 Rd3 28.b3 Rf3
29.Qh4 Bxf2+  0-1

[Event "BLR-ch Minsk"]
[Site "Minsk"]
[Date "1996.??.??"]
[Round "4"]
[White "Litvinov, V."]
[Black "Smirnov, Valerij"]
[Result "1-0"]
[WhiteElo "2370"]
[BlackElo "2395"]

1.e4 c5 2.Nf3 e6 3.d4 cxd4 4.Nxd4 Nc6 5.Nc3 Qc7 6.Be3 a6 7.Bd3 Nf6 8.O-O Ne5
9.h3 b5 10.f4 Nc4 11.Bxc4 Qxc4 12.e5 Nd5 13.Nxd5 Qxd5 14.Qe2 Bb7 15.a4 b4
16.Rad1 Qe4 17.Nb3 Rc8 18.Rf2 Be7 19.Rd4 Qg6 20.Na5 Be4 21.Bd2 Bxc2 22.Bxb4 Bxb4
23.Rxb4 O-O 24.Rd4 Rc7 25.Qxa6 Be4 26.Qd6 Rfc8 27.Rc4 Rxc4 28.Nxc4 h5 29.b3 Bd5
30.Qxd7 Rb8 31.Nd6 f5 32.Nc8  1-0

[Event "Minsk op"]
[Site "Minsk"]
[Date "1996.??.??"]
[Round "6"]
[White "Smirnov, Valerij"]
[Black "Voitsekhovsky, Stanislav"]
[Result "0-1"]
[WhiteElo "2395"]
[BlackElo "2485"]

1.e4 c5 2.Nf3 e6 3.d4 cxd4 4.Nxd4 Nc6 5.Nc3 Qc7 6.g3 a6 7.Bg2 Nf6 8.O-O Bc5
9.Nb3 Ba7 10.a4 d6 11.Bf4 Ne5 12.Nd2 Ng6 13.Bg5 h6 14.Bxf6 gxf6 15.Qf3 Ke7
16.Qe2 h5 17.Nc4 Ne5 18.Ne3 Bxe3 19.Qxe3 Bd7 20.Rfd1 Rac8 21.Bf1 Qc5 22.Qxc5 Rxc5
23.Ra3 h4 24.Rb3 Bc6 25.Bg2 hxg3 26.hxg3 Kd7 27.Rb4 Kc7 28.Rbd4 Rd8 29.Kf1 Nc4
30.Nd5+ exd5 31.exd5 Nxb2 32.Rb1 Bxa4 33.Rxb2 Bxc2 34.Rf4 Bd3+ 35.Ke1 Re8+
36.Kd1 f5 37.Rd2 Bc4 38.Rdd4 Bb3+ 39.Kd2 Rc2+ 40.Kd3 Ree2 41.Bf3 Rxf2 42.Rxf5 b5
43.Rxf7+ Kb6 44.g4 Rcd2+ 45.Ke3 Rxd4 46.Kxf2 Bxd5 47.Rf8 Bxf3 48.Kxf3 Rd1
49.Ke2 Rd5 50.Ke3 a5 51.Ke4 Re5+ 52.Kf4 a4 53.Ra8 Kc5 54.g5 Re1 55.g6 Rg1
56.Kf5 Kb4 57.Kf6 a3 58.g7 Kb3 59.g8=Q+ Rxg8 60.Rxg8 a2  0-1

[Event "Mislata op 5th"]
[Site "Mislata"]
[Date "1996.??.??"]
[Round "8"]
[White "Herrera, Irisberto"]
[Black "Hernandez, Gilberto"]
[Result "1-0"]
[WhiteElo "2475"]
[BlackElo "2560"]

1.e4 c5 2.Nf3 e6 3.d4 cxd4 4.Nxd4 Nc6 5.Nc3 Qc7 6.Be2 a6 7.Be3 Nf6 8.O-O Bb4
9.Nxc6 bxc6 10.Na4 Be7 11.Nb6 Rb8 12.Nxc8 Qxc8 13.e5 Nd5 14.Bc1 Bc5 15.Bd3 Qc7
16.c4 Ne7 17.Qe2 Bd4 18.Re1 Ng6 19.Rb1 Bxe5 20.g3 Bd6 21.b3 O-O 22.Be3 c5
23.Bxg6 hxg6 24.Rbd1 Rfd8 25.Bg5 f6 26.Qd3 Be5 27.Rxe5 Qxe5 28.Bf4 Qh5 29.Bxb8 Rxb8
30.Qxd7 Qe2 31.Qd2 Qg4 32.Re1 e5 33.Qd5+ Kh7 34.Re4  1-0

[Event "Mondariz op"]
[Site "Mondariz"]
[Date "1996.??.??"]
[Round "?"]
[White "Tjiam, Dharma"]
[Black "Paunovic, Dragan"]
[Result "0-1"]
[WhiteElo "2350"]
[BlackElo "2495"]

1.e4 c5 2.Nf3 Nc6 3.d4 cxd4 4.Nxd4 e6 5.Nc3 Qc7 6.Be2 a6 7.O-O Nf6 8.Be3 d6
9.Nb3 Be7 10.f4 b5 11.Bf3 Bb7 12.Qe1 O-O 13.Kh1 Rac8 14.Qf2 Nd7 15.Rad1 Rfe8
16.Qg3 b4 17.Ne2 Bf6 18.Bc1 a5 19.e5 dxe5 20.Rxd7 Qxd7 21.Nc5 Qe7 22.Nxb7 e4
23.Bxe4 Qxb7 24.Qb3 g6 25.Qa4 Qb6 26.Bd3 Red8 27.Ng3 Ne7 28.Ne4 Bg7 29.Qb3 Qc6
30.a4 Nf5  0-1

[Event "Mondariz op"]
[Site "Mondariz"]
[Date "1996.??.??"]
[Round "?"]
[White "Reinaldo Castineira, Roi"]
[Black "Sion Castro, Marcelino"]
[Result "0-1"]
[WhiteElo "2225"]
[BlackElo "2415"]

1.e4 c5 2.Nf3 Nc6 3.d4 cxd4 4.Nxd4 e6 5.Nc3 a6 6.Be3 Qc7 7.Bd3 Nf6 8.O-O Bd6
9.f4 Bc5 10.e5 Nxe5 11.fxe5 Qxe5 12.Kh1 Qxe3 13.Nf5 Qg5 14.h4 Qg4 15.Qxg4 Nxg4
16.Nxg7+ Ke7 17.Rae1 b6 18.Rf4 Nf2+ 19.Kh2 Nxd3 20.cxd3 Kf8 21.Nh5 Bd6  0-1

[Event "Mondariz op"]
[Site "Mondariz"]
[Date "1996.??.??"]
[Round "?"]
[White "Borrego, Enrique"]
[Black "Pogorelov, Ruslan"]
[Result "1-0"]
[WhiteElo "2205"]
[BlackElo "2450"]

1.e4 c5 2.Nf3 e6 3.d4 cxd4 4.Nxd4 Nc6 5.Nc3 Qc7 6.Be3 Nf6 7.Be2 a6 8.O-O Bb4
9.Bd3 Bxc3 10.bxc3 Ne5 11.f4 Ng6 12.Qf3 d5 13.exd5 Nxd5 14.f5 Ne5 15.Qg3 Nxe3
16.Qxg7 Rf8 17.fxe6 Nxf1 18.Rxf1 Bxe6 19.Qxf8+ Kd7 20.Qxa8 Ng4 21.g3 Qb6
22.Qf8 Ne5 23.Bf5 Bxf5 24.Rxf5 Qb1+ 25.Rf1 Qxa2 26.Qc5 f6 27.Rxf6  1-0

[Event "Moscow (Women)"]
[Site "Moscow"]
[Date "1996.??.??"]
[Round "?"]
[White "Roschina, Tatiana"]
[Black "Lymar, Irina"]
[Result "1-0"]
[WhiteElo "2315"]
[BlackElo "2210"]

1.e4 c5 2.Nf3 e6 3.d4 cxd4 4.Nxd4 Nc6 5.Nc3 Qc7 6.Be3 a6 7.Bd3 Nf6 8.O-O h5
9.h3 b5 10.Nxc6 Qxc6 11.a3 Bb7 12.Qe2 Be7 13.f4 h4 14.Qf2 Nh5 15.Ne2 Nf6
16.Nc3 Rc8 17.e5 Nd5 18.Be4 Qc4 19.Bxd5 exd5 20.Rad1 Bc5 21.Bxc5 Qxc5 22.Rd4 a5
23.Rfd1 b4 24.axb4 axb4 25.Na2 Qxc2 26.Qxc2 Rxc2 27.Rxb4 Rc7 28.Nc3 Ke7 29.Nxd5+ Bxd5
30.Rxd5 Rc1+ 31.Kf2 Rhc8 32.Rb7 R8c7 33.Rxc7 Rxc7 34.Ke3 Ke6 35.Rd2 f5 36.b4 Rb7
37.Rd4 g6 38.Rd6+  1-0

[Event "Moscow (Women)"]
[Site "Moscow"]
[Date "1996.??.??"]
[Round "?"]
[White "Nekrasova, Elena"]
[Black "Lymar, Irina"]
[Result "1-0"]
[WhiteElo "2085"]
[BlackElo "2210"]

1.e4 c5 2.Nf3 e6 3.d4 cxd4 4.Nxd4 Nc6 5.Nc3 Qc7 6.Be3 a6 7.Be2 b5 8.Nxc6 Qxc6
9.f4 Bc5 10.e5 Bxe3 11.Bf3 Qc4 12.Ne4 Qb4+ 13.c3 Qxb2 14.Rb1 Qa3 15.Nd6+ Kf8
16.Bxa8 Qxc3+ 17.Kf1 Bxf4 18.Qf3 Qxf3+ 19.Bxf3 Ne7 20.Nxc8 Nxc8 21.Bb7 Ke7
22.Bxa6 Na7 23.Bxb5 Rc8 24.Ke2 Bxe5 25.a4 Rc2+ 26.Kf3 Rc3+ 27.Ke2 d5 28.Rhc1 Kd6
29.Rxc3 Bxc3 30.Be8 f5 31.Rb7 Bd4 32.Rd7+ Ke5 33.Rxg7 Ke4 34.Rxh7 Be3 35.Bb5 e5
36.Bd3+ Kd4 37.Rxa7  1-0

[Event "Moscow (Women)"]
[Site "Moscow"]
[Date "1996.??.??"]
[Round "?"]
[White "Roschina, Tatiana"]
[Black "Nekrasova, Elena"]
[Result "1-0"]
[WhiteElo "2315"]
[BlackElo "2085"]

1.e4 c5 2.Nf3 e6 3.d4 cxd4 4.Nxd4 Nc6 5.Nc3 Qc7 6.Be3 a6 7.Bd3 Nf6 8.O-O Ne5
9.h3 d6 10.f4 Nc4 11.Bxc4 Qxc4 12.Qf3 Qc7 13.Rae1 b5 14.e5 Bb7 15.Qg3 Nd5
16.exd6 Bxd6 17.Nxd5 Bxd5 18.Nf5 Bc5 19.Qxg7 O-O-O 20.Qe5 exf5 21.Qxc7+ Kxc7
22.Bxc5 Rhg8 23.Rf2 Rg6 24.a3 Rdg8 25.Ree2 Rg3 26.Kh2 Be4 27.Be7 h5 28.Bg5 h4
29.Bxh4 R3g6 30.g3 Rd6 31.Rd2 Rgg6 32.Be7 Rxd2 33.Rxd2 Re6 34.Bc5 Rc6 35.b4 a5
36.h4 axb4 37.Bxb4 Bxc2 38.Rd5 Be4 39.Rxb5 Rc2+ 40.Kg1 Rg2+ 41.Kf1 Rxg3 42.Be7 Kd7
43.Re5 f6 44.Bxf6 Rxa3 45.h5 Rh3 46.Re7+ Kd6 47.Rh7 Ke6 48.Be5 Rh2 49.h6 Bc6
50.Ke1 Bd7 51.Kd1 Be8 52.Ra7 Bd7 53.Ke1 Ke7 54.Bg7 Kd6 55.Ra8 Bc6 56.Rf8  1-0

[Event "Moscow (Women)"]
[Site "Moscow"]
[Date "1996.??.??"]
[Round "?"]
[White "Lysova, Olga"]
[Black "Nekrasova, Elena"]
[Result "0-1"]
[WhiteElo "2005"]
[BlackElo "2085"]

1.e4 c5 2.Nf3 e6 3.d4 cxd4 4.Nxd4 Nc6 5.Nc3 Nf6 6.Be3 Bb4 7.Bd3 d5 8.exd5 Nxd5
9.Nxc6 bxc6 10.Bd2 Nxc3 11.bxc3 Be7 12.Be4 O-O 13.Bxc6 Rb8 14.O-O Ba6 15.Re1 Rb6
16.Be4 Rd6 17.Qc1 Rxd2 18.Bd3 Bg5 19.Bxa6 Qb6  0-1

[Event "Moscow GM2"]
[Site "Moscow"]
[Date "1996.??.??"]
[Round "?"]
[White "Kobalija, Mihail"]
[Black "Pogorelov, Ruslan"]
[Result "1-0"]
[WhiteElo "2425"]
[BlackElo "2440"]

1.e4 c5 2.Nf3 Nc6 3.d4 cxd4 4.Nxd4 e6 5.Nc3 d6 6.Be3 Nf6 7.Bc4 Be7 8.Qe2 a6
9.Bb3 O-O 10.O-O-O Qc7 11.Rhg1 Nd7 12.g4 Nc5 13.Nf5 b5 14.Bd5 Bb7 15.g5 exf5
16.g6 hxg6 17.exf5 Ne5 18.fxg6 Ncd3+ 19.Kb1 Bxd5 20.Nxd5 Qb7 21.Nxe7+ Qxe7
22.gxf7+ Rxf7 23.cxd3 Nf3 24.Rg3 Raf8 25.Qc2 Qh4 26.Qc6 Qh5 27.Rc1 d5 28.d4 Qf5+
29.Ka1 Rf6 30.Qb7 R8f7 31.Qc8+ Qxc8 32.Rxc8+ Rf8 33.Rxf8+ Kxf8 34.h3 Kf7
35.Kb1 Rf5 36.Kc2 Nh4 37.Kb3 Ng6 38.Kb4 Rf6 39.Rg1 Ne7 40.Rc1 Kg6 41.Rc7 Re6
42.Rb7 Kf5 43.Ka5 Ke4 44.Rb6 Rxb6 45.Kxb6 Nf5 46.Kxa6 Nxe3 47.fxe3 Kxe3 48.Kxb5 Kxd4
49.a4 Ke3 50.a5 d4 51.a6 d3 52.a7 d2 53.a8=Q d1=Q 54.Qa7+ Ke2 55.Qe7+ Kf1
56.Qf7+ Kg2 57.Qxg7+ Kxh3 58.Qh7+ Kg3 59.Qg6+ Kh2 60.Qh6+ Kg1 61.Qe3+ Kh2
62.Qf4+ Kg1 63.Qg5+ Kh1 64.Qh6+ Kg1 65.Qe3+ Kh2 66.Qe5+ Kg1 67.b4 Qd2 68.Kc5 Qc1+
69.Kd5 Qf1 70.Qd4+ Kh2 71.Kc5 Qf5+ 72.Qd5 Qc8+ 73.Kd4 Qg4+ 74.Kc3 Qh3+ 75.Qd3 Qh8+  1-0

[Event "Moscow GM4"]
[Site "Moscow"]
[Date "1996.??.??"]
[Round "?"]
[White "Vorobiov, Evgeny E"]
[Black "Hatanbaatar, Bazar"]
[Result "1-0"]
[WhiteElo "2320"]
[BlackElo "2425"]

1.e4 c5 2.Nf3 Nc6 3.d4 cxd4 4.Nxd4 e6 5.Nc3 Qc7 6.Be3 a6 7.Bd3 Nf6 8.O-O Bd6
9.h3 Bf4 10.Bxf4 Qxf4 11.Nde2 Qc7 12.f4 d6 13.Kh1 O-O 14.Qe1 Nb4 15.Qh4 Nxd3
16.cxd3 b5 17.Rac1 Qd8 18.Nd4 Nxe4 19.Qe1 Nc5 20.Qe3 Bb7 21.Rce1 Qf6 22.b4 Nd7
23.Ne4 Bxe4 24.dxe4 Rac8 25.f5 exf5 26.Rxf5 Qe7 27.Rd5 g6 28.Qg3 Nf6 29.Nf5 Qe6
30.Rd4 Nh5 31.Qg5 Rcd8 32.Red1 Ng7 33.Rxd6 Rxd6 34.Rxd6 Qxe4 35.Nh6+ Kh8
36.Qf6 Qe8 37.Rxa6 Qc8 38.Rc6 Qb8 39.Nxf7+ Kg8 40.Rc7  1-0

[Event "Moscow GM3"]
[Site "Moscow"]
[Date "1996.??.??"]
[Round "?"]
[White "Saltaev, Mihail"]
[Black "Iskusnyh, Sergei"]
[Result "1/2-1/2"]
[WhiteElo "2530"]
[BlackElo "2460"]

1.e4 c5 2.Nf3 Nc6 3.d4 cxd4 4.Nxd4 e6 5.Nc3 Nf6 6.Be3 Bb4 7.Bd3 d5 8.exd5 Nxd5
9.Nxc6 bxc6 10.O-O Nxe3 11.fxe3 Bxc3 12.bxc3 O-O 13.Qf3 Qd5 14.Qf4 Qc5 15.Qd4  1/2-1/2